|
|
|
|
| LEADER |
02625nam a2200649 i 4500 |
| 001 |
nkc20233524666 |
| 003 |
CZ PrNK |
| 005 |
20230712083420.0 |
| 007 |
ta |
| 008 |
230619s2023 xr e f 000 0 cze |
| 015 |
|
|
|a cnb003524666
|
| 020 |
|
|
|a 978-80-280-0204-6
|q (brožováno)
|
| 035 |
|
|
|a (OCoLC)1389730464
|
| 040 |
|
|
|a ABA001
|b cze
|e rda
|
| 043 |
|
|
|a e-xr---
|b e-xr-jm
|2 czenas
|
| 072 |
|
7 |
|a 378
|x Vysoké školy
|2 Konspekt
|9 22
|
| 080 |
|
|
|a 378.4
|2 MRF
|
| 080 |
|
|
|a 37.091.212.3
|2 MRF
|
| 080 |
|
|
|a 37.091.212.2
|2 MRF
|
| 080 |
|
|
|a (437.322)
|2 MRF
|
| 080 |
|
|
|a (035)
|2 MRF
|
| 080 |
|
|
|a (079.1)
|2 MRF
|
| 100 |
1 |
|
|a Procházka, Jakub,
|d 1983-
|7 mub2010600124
|4 aut
|
| 245 |
1 |
0 |
|a Přípravný kurz k přijímací zkoušce na Masarykovu univerzitu :
|b přípravný kurz k přijímací zkoušce z Testu studijních předpokladů /
|c Jakub Procházka, Alena Novotná, Božena Šmajsová Buchtová, Viktor Kulhavý
|
| 246 |
3 |
0 |
|a Přípravný kurz k přijímací zkoušce z Testu studijních předpokladů
|
| 250 |
|
|
|a Aktualizované 9. vydání
|
| 264 |
|
1 |
|a Brno :
|b Masarykova univerzita,
|c 2023
|
| 300 |
|
|
|a 32 stran ;
|c 30 cm
|
| 336 |
|
|
|a text
|b txt
|2 rdacontent
|
| 337 |
|
|
|a bez média
|b n
|2 rdamedia
|
| 338 |
|
|
|a svazek
|b nc
|2 rdacarrier
|
| 500 |
|
|
|a Na obálce nad názvem: MUNI ECON
|
| 500 |
|
|
|a 300 výtisků
|
| 504 |
|
|
|a Obsahuje bibliografii a bibliografické odkazy
|
| 610 |
2 |
7 |
|a Masarykova univerzita.
|b Ekonomicko-správní fakulta
|7 kn20010709273
|2 czenas
|
| 650 |
0 |
7 |
|a univerzity
|7 ph126937
|z Česko
|2 czenas
|
| 650 |
0 |
7 |
|a studijní předpoklady
|7 ph274675
|2 czenas
|
| 650 |
0 |
7 |
|a přijímací zkoušky
|7 ph124916
|2 czenas
|
| 650 |
0 |
9 |
|a universities
|z Czechia
|2 eczenas
|
| 650 |
0 |
9 |
|a study skills
|2 eczenas
|
| 650 |
0 |
9 |
|a entrance examinations
|2 eczenas
|
| 651 |
|
7 |
|a Brno (Česko)
|7 ge134084
|2 czenas
|
| 651 |
|
9 |
|a Brno (Czechia)
|2 eczenas
|
| 655 |
|
7 |
|a příručky
|7 fd133209
|2 czenas
|
| 655 |
|
7 |
|a testy
|7 fd133697
|2 czenas
|
| 655 |
|
9 |
|a handbooks and manuals
|2 eczenas
|
| 655 |
|
9 |
|a tests
|2 eczenas
|
| 700 |
1 |
|
|a Novotná, Alena
|7 jo2015889686
|4 aut
|
| 700 |
1 |
|
|a Šmajsová Buchtová, Božena,
|d 1947-
|7 mzk2002102842
|4 aut
|
| 700 |
1 |
|
|a Kulhavý, Viktor,
|d 1980-
|7 mzk2006323079
|4 aut
|
| 710 |
2 |
|
|a Masarykova univerzita.
|b Ekonomicko-správní fakulta
|7 kn20010709273
|4 isb
|
| 910 |
2 |
|
|a BOA001
|b 4-1509.505
|
| 990 |
|
|
|a BK
|
| 995 |
|
|
|a 01
|
| 991 |
|
|
|b 202306
|c NOV
|
| 996 |
6 |
|
|b 2610942046
|c 4-1509.505
|l MZK
|r Sklad / do 1 hodiny
|n 10
|p p.v.
|w 001929909
|u 000010
|a 1
|e BOA001
|j MZK50
|s P
|
| 996 |
7 |
|
|b 2610942047
|c 4-1509.505
|l MZK
|r Sklad / do 1 hodiny
|n 12
|p p.v.
|w 001929909
|u 000020
|a 1
|e BOA001
|j MZK50
|s A
|